• 首页
  • 本馆介绍
  • 公告通知
  • 最新文献
  • 馆藏检索
  • 电子资源
  • 读者导购
  • 参考咨询
  • 我的图书馆
  • 登录
  • 详细信息显示
  • 放入我的书架
  • 预约/预借图书
  • 作者相关作品
  • 分类相关作品
  • 丛书相关作品
  • 出版社相关作品

书目信息

  • 表格格式
  • 工作单格式
  • 卡片格式
题名:
中外永恒主题散文精品 上
    
 
作者: 丁亚平 , 林非 编
分册:  
出版信息: 北京   中国广播电视出版社  1993.6
页数: 471页
开本: 20cm
丛书名:
单 册:
中图分类: I16
科图分类: 42.86
主题词: 散文--世界--选集
电子资源:
ISBN: 7-5043-2285-7
000 00882nam0 2200277 45
001 0194012804
005 20110224090953.96
009 0194012804
010    @a7-5043-2285-7@dCNY10.00
100    @a19940301d1993 em y0chiy0121 ea
101 0  @achi
102    @aCN@b110000
105    @ay z 000cy
200 10 @a中外永恒主题散文精品 上@Azhong wai yong heng zhu ti san wen jing pin shang@f林 非,丁亚平编@FLIN FEI , DING YA PING BIAN
210    @a北京@c中国广播电视出版社@d1993.6
215    @a471页@d20cm
330    @a本书收入散文百余篇,分为生命历程、精神家园、情感世界、生活趣味、人文景观、山水风光等9类。
540 1  @a中外 散文@AZHONG WAI SAN WEN
606    @a散文@y世界@x选集
690    @aI16@v4
692    @a42.86
701  0 @a丁亚平@ADING YA PING@4编
701  0 @a林非@ALIN FEI@4编
801  0 @aCN@bNLC@c20110224
905    @aBZT@dI16@e5-1
906    @d$10@n0@r1
    
    中外永恒主题散文精品 上/林 非,丁亚平编.-北京:中国广播电视出版社,1993.6
    471页;20cm
    
    
    ISBN 7-5043-2285-7:CNY10.00
    本书收入散文百余篇,分为生命历程、精神家园、情感世界、生活趣味、人文景观、山水风光等9类。
●
相关链接 在五车中查询图书 在当当中查询图书 在豆瓣中查询图书


正题名:中外永恒主题散文精品 上     索取号:I16/5-1         预约/预借

序号 登录号 条形码 馆藏地/架位号 状态 备注
1 404826   210320295   中心书库中库/打包BH1145/ [索取号:I16/5-1] 在馆    
2 404827   210321203   中心书库中库/打包BH1145/ [索取号:I16/5-1] 在馆    
3 404828   210321196   中心书库中库/打包BH0997/ [索取号:I16/5-1] 在馆    
4 404829   210320286   中心书库中库/打包BH1145/ [索取号:I16/5-1] 在馆    
5 404830   210320357   中心书库中库/打包BH1145/ [索取号:I16/5-1] 在馆    
6 404831   210320348   中心书库中库/打包BH1145/ [索取号:I16/5-1] 在馆    
7 404832   210320339   中心书库中库/打包BH1145/ [索取号:I16/5-1] 在馆    
8 404833   210320320   中心书库中库/打包BH1145/ [索取号:I16/5-1] 在馆    
9 404834   210320311   中心书库中库/打包BH1145/ [索取号:I16/5-1] 在馆    
10 404835   210320302   中心书库中库/打包BH1145/ [索取号:I16/5-1] 在馆    
山东省滨州职业学院图书馆 欢迎您!
大连网信软件有限公司© 版权所有